Resumen: A
Збережено в:
| Автор: | |
|---|---|
| Формат: | Невідомо |
| Мова: | Spanish |
| Предмети: | |
| Теги: |
Додати тег
Немає тегів, Будьте першим, хто поставить тег для цього запису!
|
MARC
| LEADER | 000000000a22000000004500 | ||
|---|---|---|---|
| 001 | 006475 | ||
| 041 | 0 | |a spa | |
| 100 | 0 | |a Junta de Protección social de San José. | |
| 520 | |a Resumen: A | ||
| 650 | 4 | |a ESCRITOS INEDITOS | |
| 650 | 4 | |a LITERATURA COSTARRICENSE | |
| 650 | 4 | |a POESÍA | |
| 650 | 4 | |a PINTURA COSTARRICENSE | |
| 773 | |t ARGOS: Revista Cultural |g número 2-3 (1982), páginas 97 | ||
| 942 | |c ARC | ||
| 999 | |c 12892 |d 12892 | ||
